000 01508na a2200433 4500
001 19332
003 MIRAKIL
005 20181213154945.0
008 161213b tu 000 0
035 _a19332
040 _aMilas
_btur
_cTR-AnCHP
041 _atur
082 _aCHP 363.12
_bB29y [1994]
090 _aBROŞÜR 29
100 _aBaykal, Deniz
240 _aYeni Hedefler... Yeni Türkiye...
245 _aYeni Hedefler... Yeni Türkiye...
_bŞoförün huzuru güvencemizdir...
_c[Deniz Baykal]
246 _aŞoförün huzuru güvencemizdir...
260 _aAnkara
_bCHP
_c[1994]
300 _a5 s.
_c19 sm.
490 _aCumhuriyet Halk Partisi yayınları
500 _a18 kopya.
500 _aDış kapakta başka yapıt adı: CHP : Değişimin gücü
600 _aBaykal, Deniz
_xTaşımacılık
_yÇözüm önerileri
600 _aBaykal, Deniz
_xSeçim kampanyaları, 1994
_yTaşımacılık
610 _aCHP
_xTaşımacılık
_yÇözüm önerileri
610 _aCHP
_xSeçim kampanyaları, 1994
_yTaşımacılık
650 _aCHP
_xTaşımacılık
_yÇözüm önerileri
650 _aCHP
_xEsnaflar
_yŞoförler
651 _aTürkiye
_xToplumsal sorunlar
_yUlaşım kazaları
657 _aYeni hedefler yeni Türkiye kampanyası
710 _aCHP
740 _aYeni Hedefler... Yeni Türkiye...
740 _aCHP : Değişimin gücü
740 _aŞoförün huzuru güvencemizdir...
830 _aCHP yayınları
942 _2ddc
_cBKS
999 _c3861
_d3861